000
00333pab a2200145 454500
008
180718b1990 xxu||||| |||| 00| 0 eng d
100
_a
Ray, Jayanta Kumar
245
_a
South Asia in the 1990s
260
_c
1990
300
_a
599-607
362
_a
Sept.
650
_a
South Asia
773
_a
Strategic Analysis
909
_a
18897
999
_c
18897
_d
18897